000 00654nam a2200253Ia 4500
003 OSt
005 20220918210751.0
006 a|||||r|||| 00| 0
007 ta
008 220917b |||||||| |||| 00| 0 eng d
024 _a121,939
037 _cTextual
040 _aARTS
_cARTS
_beng
041 _2eng
_aeng
082 _aWv2.C, G5
100 _aAiyangar K V R
245 0 _aConsideration on some aspects of ancient Indian polity
250 _a2nd
260 _aBihar
_bEastren
_c1935
300 _a205p.
_ccm.
650 _aPOLITICAL SCIENCE
942 _hWv2.C, G5
_cTEXL
_2CC
999 _c245137
_d245137